000 00589nam a2200229Ia 4500
003 OSt
005 20220928124036.0
006 a|||||r|||| 00| 0
007 ta
008 220927b |||||||| |||| 00| 0 eng d
024 _a48733
037 _cTextual
040 _aSDCL
_cSDCL
_beng
041 _2eng
_aeng
082 _aV5:3(X5)'K5, K3
100 _aParry J H
_9463181
245 0 _aAge of reconnaissance.
260 _aLondon
_bPhoenix Press
_c1963
300 _axv,364p.
_ccm.
942 _hV5:3(X5)'K5, K3
_cTEXL
_2CC
999 _c776118
_d776118